Access : introduction to travel and tourism / (Record no. 4850)
[ view plain ]
| 000 -LEADER | |
|---|---|
| fixed length control field | 01195nam a22003137i 4500 |
| 003 - CONTROL NUMBER IDENTIFIER | |
| control field | URS |
| 005 - DATE AND TIME OF LATEST TRANSACTION | |
| control field | 20220117120541.0 |
| 008 - FIXED-LENGTH DATA ELEMENTS--GENERAL INFORMATION | |
| fixed length control field | 180314b xxu||||| |||| 00| 0 eng d |
| 020 ## - INTERNATIONAL STANDARD BOOK NUMBER | |
| International Standard Book Number | 140180988X (alk. paper) |
| 035 ## - SYSTEM CONTROL NUMBER | |
| System control number | (OCoLC)ocm56033289 |
| 040 ## - CATALOGING SOURCE | |
| Original cataloging agency | DLC |
| Description conventions | rda |
| Transcribing agency | URS |
| Modifying agency | YDX |
| -- | DLC |
| Language of cataloging | eng |
| 050 14 - LIBRARY OF CONGRESS CALL NUMBER | |
| Classification number | G155.5 |
| Item number | .M345 2006 |
| 100 1# - MAIN ENTRY--PERSONAL NAME | |
| Personal name | Mancini, Marc, |
| Dates associated with a name | 1946- |
| 245 10 - TITLE STATEMENT | |
| Title | Access : introduction to travel and tourism / |
| Statement of responsibility, etc. | Marc Mancini. |
| 264 #1 - PRODUCTION, PUBLICATION, DISTRIBUTION, MANUFACTURE, AND COPYRIGHT NOTICE | |
| Place of production, publication, distribution, manufacture | Clifton Park, NY : |
| Name of producer, publisher, distributor, manufacturer | Thomson/Delmar Learning, |
| Date of production, publication, distribution, manufacture, or copyright notice | [2006] |
| 264 #4 - PRODUCTION, PUBLICATION, DISTRIBUTION, MANUFACTURE, AND COPYRIGHT NOTICE | |
| Date of production, publication, distribution, manufacture, or copyright notice | ©2006 |
| 300 ## - PHYSICAL DESCRIPTION | |
| Extent | xiv, 273 pages : |
| Other physical details | illustrations , maps ; |
| Dimensions | 24 cm |
| 336 ## - CONTENT TYPE | |
| Content type term | text |
| Content type code | txt |
| Source | rdacontent |
| 337 ## - MEDIA TYPE | |
| Media type term | unmediated |
| Media type code | n |
| Source | rdamedia |
| 338 ## - CARRIER TYPE | |
| Carrier type term | volume |
| Carrier type code | nc |
| Source | rdacarrier |
| 504 ## - BIBLIOGRAPHY, ETC. NOTE | |
| Bibliography, etc. note | Includes bibliographical references and index. |
| 650 #0 - SUBJECT ADDED ENTRY--TOPICAL TERM | |
| Topical term or geographic name entry element | Tourism |
| General subdivision | Vocational guidance. |
| 650 #0 - SUBJECT ADDED ENTRY--TOPICAL TERM | |
| Topical term or geographic name entry element | Travel agents |
| General subdivision | Vocational guidance. |
| 856 41 - ELECTRONIC LOCATION AND ACCESS | |
| Materials specified | Table of contents |
| Uniform Resource Identifier | <a href="http://www.loc.gov/catdir/toc/ecip0420/2004017229.html">http://www.loc.gov/catdir/toc/ecip0420/2004017229.html</a> |
| 906 ## - LOCAL DATA ELEMENT F, LDF (RLIN) | |
| a | 7 |
| b | cbc |
| c | orignew |
| d | 1 |
| e | ecip |
| f | 20 |
| g | y-gencatlg |
| 942 ## - ADDED ENTRY ELEMENTS (KOHA) | |
| Source of classification or shelving scheme | Library of Congress Classification |
| Koha item type | Foreign Books |
| Withdrawn status | Source of classification or shelving scheme | Damaged status | Not for loan | Collection code | Home library | Current library | Shelving location | Date acquired | Total Checkouts | Full call number | Barcode | Date last seen | Price effective from | Koha item type |
|---|---|---|---|---|---|---|---|---|---|---|---|---|---|---|
| Library of Congress Classification | Non-fiction | Antipolo College Library | Antipolo College Library | On Display | 03/14/2018 | G155.5 .M35 2006 | URSANT-02715 | 03/14/2018 | 03/14/2018 | Foreign Books |